000 00946cam a2200265 a 4500
999 _c6678
_d6678
001 3807767
005 20181015092522.0
008 850412s1985 azu 001 0 eng
010 _a 85080120
020 _a0895863340 (pbk.) :
_c$12.95
040 _aDLC
_cDLC
_dDLC
050 0 0 _aRC81
_b.G834 1985
082 0 0 _a616
_219
100 1 _aGriffith, Winter H.
_q(Henry Winter),
245 1 0 _aComplete guide to symptoms, illness & surgery/
_bwhere does it hurt? what does it mean? : a doctor answers your questions /
_cWinter, Griffith W.
260 _aTucson, AZ:
_bBody Press,
_cc1985.
300 _a896 p. ;
_c23 cm.
500 _aIncludes index.
650 0 _aMedicine, Popular
_xHandbooks, manuals, etc.
650 0 _aSymptoms
_xHandbooks, manuals, etc.
650 0 _aSurgery
_xHandbooks, manuals, etc.
740 0 _aSymptoms, illness & surgery.
906 _a7
_bcbc
_corignew
_d2
_eopcn
_f19
_gy-gencatlg
942 _2lcc
_cREF_BOOK
_hREF RC 81 .G75 1985